Was sind die 10 flächenmäßig größten Städte Frankreichs? - Statistiken

Allgemein
  • Dieses Quiz wurde 32 mal gespielt
  • Das Durchschnittsergebnis liegt bei 1 aus 10
Antwortstatistiken
Km² Antwort % Korrekt
240 Marseille
100%
161 Nîmes
11%
182 Haguenau
4%
135 Montauban
4%
172 Narbonne
4%
186 Aix-en-Provence
0%
758 Arles
0%
132 Hyères
0%
180 La Teste de Buch
0%
168 Millau
0%
Keine übereinstimmenden Quizze gefunden
Verteilung der Resultate
Anzahl Personen mit jedem Resultat
Perzentil nach korrekt beantworteten Fragen
Ihre Resultats-Entwicklung
Sie haben dieses Quiz noch nicht gespielt